Game of Thrones - Who Said That Quote? - Statistics

General Stats
  • This quiz has been taken 507 times
  • The average score is 7 of 20
Answer Stats
Hint Answer % Correct
Chaos isn't a pit, chaos is a ladder, and the climb is all there is. Petyr Baelish
91%
Death is so final, whereas life is full of possibilities. Tyrion Lannister
69%
Everyone is mine to torment. Joffrey Baratheon
68%
We don't get to choose who we love. Jaime Lannister
60%
Tell your father I'm here. And tell him the Lannisters aren't the only ones who pay their debts. Oberyn Martell
44%
In your heart, all you crows want to fly free. Ygritte
43%
There is no safety you dumb bitch! Sandor Clegane
41%
We march to victory or we march to defeat. But we go forward. Only forward. Stannis Baratheon
36%
You've lost, Cersei. It's the only joy I can find in all this misery. Olenna Tyrell
33%
The real war isn't between a few squabbling houses. It's between the living and the dead. And make no mistake, my lady, the dead are coming. Davos Seaworth
32%
I like you boy but if you lie to me I'll pull your guts out through your throat. Tormund Giantsbane
32%
Women in our position must make the best of our circumstances. Margaery Tyrell
30%
I am the storm, brother. The first storm, and the last...and you're in my way! Euron Greyjoy
27%
Their loyalty and discipline are absolute. They fear nothing. Missandei
26%
If I'm going to die, let it happen while there is still some of me left. Sansa Stark
26%
Treat your oaths recklessly, and your people will do the same. Catelyn Stark
20%
There's a beast in every man, and it stirs when you put a sword in his hand. Jorah Mormont
17%
A smart commander does not abandon a defensive advantage. Roose Bolton
9%
We all do our duty when there's no cost to it. Honor comes easy then. Maester Aemon
8%
Sometimes a man has to make hard choices, choices that might look wrong to others, but you know are right in the long run. Samwell Tarly
6%
No matching quizzes found
Score Distribution
Percent of People with Each Score
Percentile by Number Answered
Your Score History
You have not taken this quiz